Engineering mechanics (Record no. 18469)

000 -LEADER
fixed length control field 00524nam a22002057a 4500
001 - CONTROL NUMBER
control field 18469
003 - CONTROL NUMBER IDENTIFIER
control field BD-DhUET
008 - FIXED-LENGTH DATA ELEMENTS--GENERAL INFORMATION
fixed length control field 150330b xxu||||| |||| 00| 0 eng d
020 ## - INTERNATIONAL STANDARD BOOK NUMBER
International Standard Book Number 8122406173
040 ## - CATALOGING SOURCE
Original cataloging agency DLC
Transcribing agency DLC
Modifying agency BD-DhUET
082 ## - DEWEY DECIMAL CLASSIFICATION NUMBER
Classification number 620.1
Item number BHA/1994
100 ## - MAIN ENTRY--PERSONAL NAME
Personal name Bhavikatti, S. S.
245 ## - TITLE STATEMENT
Title Engineering mechanics
250 ## - EDITION STATEMENT
Edition statement 1st ed.
260 ## - PUBLICATION, DISTRIBUTION, ETC. (IMPRINT)
Place of publication, distribution, etc. New Delhi
Name of publisher, distributor, etc. New Age International
Date of publication, distribution, etc. 1994
300 ## - PHYSICAL DESCRIPTION
Extent xiii, 537p.
Other physical details ill.
650 #0 - SUBJECT ADDED ENTRY--TOPICAL TERM
Topical term or geographic name as entry element Engineering mechanics
700 ## - ADDED ENTRY--PERSONAL NAME
Personal name Rajashekarappa, K. G.
942 ## - ADDED ENTRY ELEMENTS (KOHA)
Koha item type General Book
Holdings
Koha full call number Piece designation (barcode) Price effective from Date acquired Koha item type Sublocation or collection (holding branch) Lost status Shelving location Not for loan Koha date last seen Damaged status Withdrawn status Copy number Source of classification or shelving scheme Koha normalized classification for sorting Location (home branch)
620.1/BHA/1994898322015-03-302015-03-30General BookCentral Library, BUET Circulation section 2015-03-30  1 620_100000000000000_BHA_1994Central Library, BUET
620.1/BHA/1994898302015-03-302015-03-30General BookCentral Library, BUET Circulation section 2015-03-30  2 620_100000000000000_BHA_1994Central Library, BUET
620.1/BHA/1994895112015-06-162015-06-16Reading ItemCentral Library, BUET Reading section 2015-06-16  3 620_100000000000000_BHA_1994Central Library, BUET
620.1/BHA/1994895102015-06-162015-06-16Reading ItemCentral Library, BUET Reading section 2015-06-16  4 620_100000000000000_BHA_1994Central Library, BUET